| 000 | 00433nam a2200169Ia 4500 | ||
|---|---|---|---|
| 003 | LK-CoDNM | ||
| 008 | 010623t1975 xxu||||| |||| 00| 1 sin d | ||
| 040 |
_aLK-CoDNM _dLK-CoDNM _eLK-CoDNM |
||
| 041 | _asin | ||
| 080 | _a33 | ||
| 100 | _aHicks,J.R | ||
| 245 | _aවටිනාකම හා ප්රාග්ධනය | ||
| 246 | _aWatinakama Ha Pragdanaya | ||
| 260 |
_b _c1975 |
||
| 300 | _b361p.;21.5 cm cm | ||
| 942 | _cBK | ||
| 999 |
_c109689 _d109689 |
||